000 01218 a2200241 4500
005 20080825172250.0
008 080825t xxu||||| |||| 00| 0 hin d
010 _aHIN-83067
020 _c100.00
_a9788190229937
035 _aHN-55413
037 _bपु.प्र.अ.प्र / प्रका
082 _a822
100 _aमहावीर प्रसाद सिंह 'माधव'
245 _aचम्बल में मंगलः (नाटक-संग्रह) /
_cमहावीर प्रसाद सिंह 'माधव'
246 _aChambal mein Mangal
_bby Mahavir Prasad Singh ' Madhav'
260 _aदिल्ली
_bप्रकाश एण्ड संस
_c2007
270 _aबी-203, चन्दू नगर करावल नगर रोड़
_bदिल्ली
_e110094
300 _a72पृ
_c22 सेमी (सजिल्द)
650 _aहिन्दी नाटक
650 _aHindi Novel
942 _adpl
_cHN
_k822 / महावी
_2ddc
_h822
_mमहावी
999 _c11596
_d11596